000
00293nam a2200121Ia 4500
008
240112s1991 xx 000 0 und d
041
_a
eng
082
_a
616.3403
100
_a
BAGDADE J.
245
_a
THE YEAR BOOK OF ENDOCRINOLOGY
260
_b
THE Y/B MED. PUB
_c
1991
300
_a
363,HB
999
_c
1142335
_d
1142335